书目信息 |
| 题名: |
Winners考研英语阅读高分技巧
|
|
| 作者: | 宫玉波, 总主编 ;于凤军 , 张军学 , 刘艾云 主编 | |
| 分册: | ||
| 出版信息: | 北京 北京理工大学出版社 2005.4 |
|
| 页数: | 220页 | |
| 开本: | 26cm | |
| 丛书名: | ||
| 单 册: | ||
| 中图分类: | H319.4 | |
| 科图分类: | ||
| 主题词: | 英语--ying yu--阅读教学--研究生--入学考试--自学参考资料 , 英语--ying yu , 阅读教学--yue du jiao xue | |
| 电子资源: | ||
| ISBN: | 7-5640-0458-4 | |
| 000 | 01283nam0 2200349 450 | |
| 000 | 01335nam0 2200361 450 | |
| 000 | 01298nam0 2200349 450 | |
| 000 | 01281nam0 2200349 450 | |
| 000 | 01244nam0 2200337 45 | |
| 001 | 012005000794 | |
| 005 | 20050526101010.0 | |
| 010 | @a7-5640-0458-4@dCNY20.00 | |
| 100 | @a20050526d2005 em y0chiy0121 ea | |
| 101 | 0 | @achi@aeng |
| 102 | @aCN@b110000 | |
| 105 | @ay z 000yy | |
| 200 | 1 | @aWinners考研英语阅读高分技巧@AWinners kao yan ying yu yue du gao fen ji qiao@f宫玉波总主编@g于凤军,张军学主编@g刘艾云 … [等]编 |
| 210 | @a北京@c北京理工大学出版社@d2005.4 | |
| 215 | @a220页@d26cm | |
| 304 | @a本书编者为:刘艾云、辛敏裕、马泽军等 | |
| 314 | @a宫玉波(1967-),北京交通大学英语教授。著有《Winners 考研英语阅读高分技巧》。 | |
| 330 | @a本书包括:考试大纲要求及试题特点分析、真题回放及精解,以及实战演练标准阅读75篇。 | |
| 606 | 0 | @a英语@Aying yu@x阅读教学@x研究生@x入学考试@j自学参考资料 |
| 606 | 0 | @a英语@Aying yu |
| 606 | 0 | @a阅读教学@Ayue du jiao xue |
| 690 | @aH319.4@v4 | |
| 701 | 0 | @a宫玉波,@Agong yu bo@f1967-@4总主编 |
| 702 | 0 | @a于凤军@Ayu feng jun@4主编 |
| 702 | 0 | @a张军学@Azhang jun xue@4主编 |
| 702 | 0 | @a刘艾云@Aliu ai yun@4编 |
| 801 | 0 | @aCN@bSRXX@c20050526 |
| 905 | @a10447@dH319.4@eG375 | |
| Winners考研英语阅读高分技巧/宫玉波总主编/于凤军,张军学主编/刘艾云 … [等]编.-北京:北京理工大学出版社,2005.4 |
| 220页;26cm |
| ISBN 7-5640-0458-4:CNY20.00 |
| 本书包括:考试大纲要求及试题特点分析、真题回放及精解,以及实战演练标准阅读75篇。 |
| ● |
| 相关链接 |
|
|
|
正题名:Winners考研英语阅读高分技巧
索取号:H319.4/G375
 
预约/预借
| 序号 | 登录号 | 条形码 | 馆藏地/架位号 | 状态 | 备注 |
| 1 | 541242 | 205412427 | 语言库209/209语言库 15排2列4层/ [索取号:H319.4/G375] | 在馆 | |
| 2 | 541243 | 205412436 | 语言库209/209语言库 15排2列4层/ [索取号:H319.4/G375] | 在馆 | |
| 3 | 541244 | 205412445 | 语言库209/209语言库 15排2列4层/ [索取号:H319.4/G375] | 在馆 |